000 01158cam a22002651i 4500
003 SA_RiAUC
005 20260510134053.0
008 260420s2009____le g 000 0dara c
040 _aSA-JeALM
_bara
_cSA-RiAUC
_erda
043 _aa-su---
050 4 _bH37 2009
082 0 4 _a929.209531
090 _a929.209531
_bح س ن
100 1 _aالحسني، يوسف بن رده آل عبدالمحسن
_eمؤلف.
245 1 2 _aالتحقيق والبيان في معرفة أنساب الأشراف الحسنيين بوادي نعمان /
_cيوسف بن رده آل عبدالمحسن الحسني
264 1 _a[مكان النشر غير محدد] :
_b[الناشر غير محدد]،
_c[بين 1900 و1999]
300 _a42 + صفحة ؛
_bإيضاحات ؛
_c24 سم
336 _aنص
_btxt
_2rdacontent
_3كتاب
337 _aبدون وسيط
_bn
_2rdamedia
600 3 7 _aالأشراف
_2aucnm
650 7 _aالأنساب العربية
_zالسعودية
_zالحجاز
_2aucsh
650 7 _aالأنساب العربية
_zالسعودية
_zجازان
_2aucsh
942 _2ddc
_cBOOK
_n0
949 _aSA-JeALM
_d260420
_uosman123
_n1
999 _c14899
_d14899